000 00499nam a2200193Ia 4500
008 151121s9999||||xx |||||||||||||| ||und||
082 _a210 /JUD
082 _bHNW-67737
100 _aJudge William Q।
245 _aEchoes From The Orient
260 _b"Theosophy Co। Ltd।, Bombay।"
260 _c--
300 _a64
600 _aJudge William Q।
630 _aEchoes From The Orient
700 _aJudge William Q।
730 _aEchoes From The Orient
942 _cBOOK
999 _c1249231
_d1249228